| 000 | 00468nam a2200181 a 4500 | ||
|---|---|---|---|
| 001 | 6196 | ||
| 003 | CO-ViMGA | ||
| 008 | 141112s2004 ck r 000 u spa d | ||
| 040 |
_aCO-ViMGA _bspa _cCO-ViMGA |
||
| 082 | 0 | 4 | _a598.2924 B567 |
| 100 | 1 |
_aBlosson, Joe _94859 |
|
| 245 | 1 | 0 | _aAves marinas y de agua dulce |
| 260 |
_aBarcelona : _bJuventud, _c1995 |
||
| 300 | _a62 p : il | ||
| 490 | _aGuĂas de la naturaleza | ||
| 650 | 1 | 4 |
_aAVES MARINAS _94860 |
| 942 |
_2ddc _cBK |
||
| 999 |
_c18169 _d18169 |
||